Online Catalogue and eLibrary

Manawa Hemikang asin Gantha Haithiwansikam (Record no. 6051)

MARC details
000 -LEADER
fixed length control field 00385nam a22001457a 4500
005 - DATE AND TIME OF LATEST TRANSACTION
control field 20250519030746.0
008 - FIXED-LENGTH DATA ELEMENTS--GENERAL INFORMATION
fixed length control field 250519b |||||||| |||| 00| 0 eng d
082 ## - DDC Classification
DDC Edition Number 22
Class No. 305
245 ## - TITLE STATEMENT
Title Manawa Hemikang asin Gantha Haithiwansikam
250 ## - EDITION STATEMENT
Edition statement Godakantha Aarchi , theja
260 ## - PUBLICATION, DISTRIBUTION, ETC.
Place of publication, distribution, etc. Colombo
Name of publisher, distributor, etc. Cenwo
300 ## - PHYSICAL DESCRIPTION
Extent (e.g. Volumes, Pages etc.) 36 p .,
500 ## - GENERAL NOTE
General note Women's Rights through Human Rights
942 ## - Koha item type (Biblio)
Koha item type Books in Stacks (Lending)
Holdings
Lost status Damaged status Collection code Home library Current library Date acquired Full call number Accession Number Item type
    Lending WERC Library WERC Library 05/19/2025 305 6966 Books in Stacks (Lending)

© WERC Library